Boy Bands & Girl Groups by Picture - Statistics

General Stats
  • This quiz has been taken 604 times
    585 since last reset
  • The average score is 14 of 30
Answer Stats
Picture Answer % Correct
Backstreet Boys
84%
Spice Girls
84%
One Direction
82%
Destiny's Child
77%
Jonas Brothers
76%
NSYNC
76%
BTS
69%
Little Mix
59%
Pussycat Dolls
58%
TLC
52%
Fifth Harmony
51%
Hanson
51%
Boyz II Men
49%
New Kids On The Block
45%
Take That
42%
Westlife
40%
S Club 7
39%
Blue
37%
Boyzone
37%
All Saints
35%
Atomic Kitten
34%
Girls Aloud
34%
t.A.T.u
34%
Sugababes
33%
5ive
32%
Steps
30%
Busted
29%
B*Witched
28%
Savage Garden
21%
98 Degrees
17%
No matching quizzes found
Score Distribution
Percent of People with Each Score
Percentile by Number Answered
Your Score History
You have not taken this quiz since the last reset